Approximation by polynomials with integral coefficients /
Guardado en:
| Autor Principal: | |
|---|---|
| Formato: | Libro |
| Idioma: | English |
| Publicado: |
Providence, R.I. :
American Mathematical Society,
1980.
|
| Series: | Mathematical surveys ;
no. 17 |
| Materias: | |
| Etiquetas: |
Agregar Etiqueta
Sin Etiquetas, Sea el primero en etiquetar este registro!
|
| LEADER | 00757cam a22002295a 4500 | ||
|---|---|---|---|
| 001 | MAT.inmabb003158 | ||
| 008 | 790816s1980####riu######b####000#0#eng## | ||
| 005 | 20130318171652.0 | ||
| 245 | 1 | 0 | |a Approximation by polynomials with integral coefficients / |c by Le Baron O. Ferguson. |
| 260 | |a Providence, R.I. : |b American Mathematical Society, |c 1980. | ||
| 300 | |a xi, 160 p. ; |c 26 cm. | ||
| 440 | 0 | |a Mathematical surveys ; |v no. 17 | |
| 504 | |a Bibliografía: p. 153-160. | ||
| 510 | 4 | |a MR, |c 81g:41011 | |
| 020 | |a 0821815172 | ||
| 100 | 1 | |a Ferguson, Le Baron O., |d 1939- | |
| 650 | 0 | |a Approximation theory. | |
| 650 | 0 | |a Polynomials. | |
| 084 | |a 41A10 (41A30) |2 msc2000 | ||
| 010 | |a 79020331 | ||
| 040 | |a DLC |c DLC |d DLC | ||
| 859 | |h 41 |i F352 |p A-5974 |b BIB. MATEMATICA | ||
